Países más cercanos a México - Estadísticas

Estadísticas generales
  • Esta prueba ha sido intentada 140 veces
  • La puntuación promedio es 18 de 20
Estadísticas de respuestas
Distancia (km) Distancia (mi) País % Correcto
0 0 Belice
100%
0 0 Estados Unidos
100%
0 0 Guatemala
100%
1,808 1,124 Canadá
98%
195 121 Cuba
97%
1,090 677 Panamá
97%
846 526 Colombia / San Andrés y Providencia
96%
177 110 Honduras
96%
1,559 968 República Dominicana
96%
206 128 El Salvador
95%
749 466 Costa Rica
94%
1,315 817 Haití
94%
471 293 Nicaragua
94%
1,793 1,115 Venezuela
91%
945 587 Jamaica
90%
916 569 Bahamas
86%
1,423 884 Ecuador / Islas Galápagos
86%
574 356 Reino Unido / Islas Caimán
59%
1,080 671 Francia / Isla Clipperton
58%
1.963 1.220 Países Bajos / Aruba
51%
No se encontraron pruebas coincidentes
Distribución de puntuación
Porcentaje de gente con cada puntuación
Porcentaje por número respondido
Historial de tus puntuaciones
No has intentado esta prueba.